Byastigata arthanoitik tattwa (1st semester) (Record no. 4099)

MARC details
000 -LEADER
fixed length control field 00702cam a2200253ua 4500
001 - CONTROL NUMBER
control field 4282
005 - DATE AND TIME OF LATEST TRANSACTION
control field 20260515113818.0
008 - FIXED-LENGTH DATA ELEMENTS--GENERAL INFORMATION
fixed length control field 150804n ii |||gr||||Z||||||asm
020 ## - INTERNATIONAL STANDARD BOOK NUMBER
International Standard Book Number 978-81-920585-0-4
040 ## - CATALOGING SOURCE
Transcribing agency MAIN
041 ## - LANGUAGE CODE
Language code of text/sound track or separate title asm
082 ## - DEWEY DECIMAL CLASSIFICATION NUMBER
Classification number 338.5
100 ## - MAIN ENTRY--PERSONAL NAME
Personal name Baruah, Minoti Kumar,
245 ## - TITLE STATEMENT
Title Byastigata arthanoitik tattwa (1st semester)
Statement of responsibility, etc. by Minoti Gogoi Baruah
250 ## - EDITION STATEMENT
Edition statement 1st.
260 ## - PUBLICATION, DISTRIBUTION, ETC.
Place of publication, distribution, etc. Dibrugarh:
Name of publisher, distributor, etc. Banalata,
Date of publication, distribution, etc. 2011.
300 ## - PHYSICAL DESCRIPTION
Extent 276p:
Dimensions 25cm.
653 ## - INDEX TERM--UNCONTROLLED
Uncontrolled term Micro economics
653 ## - INDEX TERM--UNCONTROLLED
Uncontrolled term Byastigata arthanoitik tattwa (1st semester)
700 ## - ADDED ENTRY--PERSONAL NAME
Personal name Bharali, Ranju Kumar,
700 ## - ADDED ENTRY--PERSONAL NAME
Personal name Buragohain, Pranjal Pratim,
700 ## - ADDED ENTRY--PERSONAL NAME
Personal name Hazarika, Bidisha Mahanta,
942 ## - ADDED ENTRY ELEMENTS (KOHA)
Koha item type Books
Holdings
Withdrawn status Lost status Damaged status Not for loan Home library Current library Shelving location Date acquired Total checkouts Full call number Barcode Date last seen Date last checked out Copy number Price effective from Koha item type
        Naharkatiya College Library Naharkatiya College Library General stacks 09/19/2020 12 338.5 | BYA 20355 12/20/2024 11/19/2024 2 09/19/2020 Books
        Naharkatiya College Library Naharkatiya College Library General stacks 09/19/2020 15 338.5 | BYA 20356 12/11/2024 11/23/2024 3 09/19/2020 Books
        Naharkatiya College Library Naharkatiya College Library General stacks 09/19/2020 19 338.5 | BYA 20357 10/01/2024 09/18/2024 4 09/19/2020 Books
        Naharkatiya College Library Naharkatiya College Library General stacks 09/19/2020   338.5 | BYA 20358 09/19/2020   5 09/19/2020 Books
        Naharkatiya College Library Naharkatiya College Library General stacks 09/19/2020 15 338.5 | BYA 20359 05/05/2026 05/05/2026 1 09/19/2020 Books